Top 20 najlepszych seriali naszego dzieciństwa - Statystyki

Ogólne statystyki
  • Ten quiz został rozwiązany 97 razy
  • Średni wynik to 7 z 20
Statystyki odpowiedzi
Odpowiedź % Poprawnych
Nie ma to jak statek
76%
Hannah Montana
75%
Nie ma to jak hotel
75%
Jessie
59%
Violetta
49%
Czarodzieje z Waverly Place
46%
Powodzenia Charlie!
45%
Austin i Ally
35%
Blog na cztery łapy
29%
Liv i Maddie
27%
Z kopyta
24%
Taniec rządzi!
23%
Zeke i Luther
19%
Szczury laboratoryjne
18%
Ja w kapeli
17%
Para królów
17%
Nadzdolni
16%
K.C. nastoletnia agentka
11%
Moja niania jest wampirem
6%
Fort Boyard
1%
Nie znaleziono quizów pasujących do podanych kryteriów
Rozkład punktacji
Procent ludzi z każdym wynikiem
Percentyl według liczby udzielonych odpowiedzi
Twoja historia wyników
Nie rozwiązałeś tego quizu